Welcome to CU Library Online Public Access Catalogue (OPAC)

Divine empowerment of women in Africa's complex realities : (Record no. 2025)

MARC details
000 -LEADER
fixed length control field 00768cam a22001934a 4500
001 - CONTROL NUMBER
control field 13155093
005 - DATE AND TIME OF LATEST TRANSACTION
control field 20241210102757.0
008 - FIXED-LENGTH DATA ELEMENTS--GENERAL INFORMATION
fixed length control field 030102s2001 gh b 000 0 eng
020 ## - INTERNATIONAL STANDARD BOOK NUMBER
International Standard Book Number 9988609574
050 00 - LIBRARY OF CONGRESS CALL NUMBER
Classification number HQ1787
Item number .D58 2001
245 00 - TITLE STATEMENT
Title Divine empowerment of women in Africa's complex realities :
Remainder of title papers from the Circle of the Concerned African Women Theologians /
Statement of responsibility, etc. edited by Dr. Elizabeth Amoah.
260 ## - PUBLICATION, DISTRIBUTION, ETC.
Place of publication, distribution, etc. Accra-North, Ghana :
Name of publisher, distributor, etc. Published for the Circle of Concerned Women Theologians by Sam-Woode Ltd.,
Date of publication, distribution, etc. 2001.
300 ## - PHYSICAL DESCRIPTION
Extent iv, 98 p. ;
Dimensions 22 cm.
650 #0 - SUBJECT ADDED ENTRY--TOPICAL TERM
Topical term or geographic name entry element Women
Geographic subdivision Africa
General subdivision Social conditions.
650 #0 - SUBJECT ADDED ENTRY--TOPICAL TERM
Topical term or geographic name entry element Women and religion
Geographic subdivision Africa.
700 1# - ADDED ENTRY--PERSONAL NAME
Personal name Amoah, Elizabeth.
710 2# - ADDED ENTRY--CORPORATE NAME
Corporate name or jurisdiction name as entry element Circle of Concerned African Women Theologians.
942 ## - ADDED ENTRY ELEMENTS (KOHA)
Source of classification or shelving scheme Library of Congress Classification
Koha item type Books
Suppress in OPAC No
999 ## -
-- 2025
-- 2025
Holdings
Withdrawn status Lost status Source of classification or shelving scheme Damaged status Not for loan Collection Home library Current library Shelving location Date acquired Total checkouts Full call number Barcode Date last seen Copy number Price effective from Koha item type
    Library of Congress Classification     Non-fiction Undergraduate Library (Christ Temple) Undergraduate Library (Christ Temple) General stacks 12/10/2024   HQ1787.D58 CIR ulct00000554 12/10/2024 1 12/10/2024 Books
    Library of Congress Classification     Non-fiction Undergraduate Library (Christ Temple) Undergraduate Library (Christ Temple) General stacks 12/10/2024   HQ1787.D58 CIR ulct00000555 12/10/2024 2 12/10/2024 Books
© 2023-2024 Copyright: Central University Libraries. All Rights Reserved | Created by: Mahone Tech Office